A história de Cândido Urbano urubu (Record no. 160123)

MARC details
000 -LÍDER
campo de controle de tamanho fixo 00374 a2200157 4500
001 - NÚMERO DE CONTROLE
campo de controle 160123
020 ## - ISBN - INTERNATIONAL STANDARD BOOK NUMBER
ISBN - International Standard Book Number 85-7007-038-1
040 ## - FONTE DA CATALOGAÇÃO
Instituição que transcreveu o registro Magnum
100 ## - ENTRADA PRINCIPAL--NOME PESSOAL
Nome pessoal Novaes, Carlos Eduardo
240 10 - TÍTULO UNIFORME
Título uniforme A história de Cândido Urbano urubu
Idioma da obra por
245 10 - TÍTULO
Título A história de Cândido Urbano urubu
300 ## - DESCRIÇÃO FÍSICA
Extensão 130
362 0# - DATAS DE PUBLICAÇÃO E/OU DESIGNAÇÃO SEQUENCIAL
Datas de publicação e/ou designação sequencial 1995
697 ## - ENTRADA DE ASSUNTO LOCAL--ENTIDADE COLETIVA (RLIN)
Nome corporativo ou nome da jurisdição LITERATURA JUVENIL
942 ## - ELEMENTOS DE ENTRADA ADICIONADOS (KOHA)
Tipo de material Koha Livros
Holdings
Situação do descarte Situação das perdas Situação física Não pode ser emprestado Biblioteca de origem Biblioteca atual Data de aquisição Total de empréstimos Número de chamada completo Código de barras Data de último acesso Data do preço efetivo Tipo de material Koha
        Magnum Magnum 08/06/2024   869.3.333 MAG00002123 08/06/2024 08/06/2024 Livros
        Magnum Magnum 08/06/2024   869.3.333 MAG00002124 08/06/2024 08/06/2024 Livros
        Magnum Magnum 08/06/2024   869.3.333 MAG00002125 08/06/2024 08/06/2024 Livros
        Magnum Magnum 08/06/2024   869.3.333 MAG00002126 08/06/2024 08/06/2024 Livros